|
|
|
|
| LEADER |
00000nam a2200000Ii 4500 |
| 001 |
DIGEDICNSB0237 |
| 003 |
NyNyDIG |
| 006 |
m o d |
| 007 |
cr ||||||||||| |
| 008 |
251203s2016 sp ob 000 0 spa d |
| 035 |
|
|
|a (OCoLC)953991992
|
| 040 |
|
|
|a DGITA
|b eng
|e rda
|e pn
|c DGITA
|
| 020 |
|
|
|a 9788490694473
|q eBook
|
| 020 |
|
|
|z 9788466659055
|
| 050 |
1 |
4 |
|a TX360 ebook
|
| 100 |
1 |
|
|a Pérez, Carlos,
|d 1978-
|e author.
|
| 245 |
1 |
0 |
|a Mis recetas paleovida :
|b 100 recetas paleo para recuperar una vida saludable /
|c Carlos Pérez ; recetas de Mel Sánchez y del chef Raúl Sánchez.
|
| 246 |
3 |
0 |
|a 100 recetas paleo para recuperar una vida saludable
|
| 246 |
3 |
|
|a Cien recetas paleo para recuperar una vida saludable
|
| 264 |
|
1 |
|a Barcelona (España) :
|b B de Books,
|c [2016]
|
| 300 |
|
|
|a 1 online resource.
|
| 336 |
|
|
|a text
|b txt
|2 rdacontent
|
| 337 |
|
|
|a computer
|b c
|2 rdamedia
|
| 338 |
|
|
|a online resource
|b cr
|2 rdacarrier
|
| 347 |
|
|
|a text file
|2 rdaft
|
| 347 |
|
|
|b EPUB
|
| 504 |
|
|
|a Includes bibliographical references.
|
| 588 |
0 |
|
|a Online resource; title from ePub title page (Digitalia, viewed December 3, 2025)
|
| 650 |
|
0 |
|a Diet.
|
| 650 |
|
0 |
|a Cooking.
|
| 700 |
1 |
|
|a Sánchez, Mel,
|e contributor agent of text.
|
| 700 |
1 |
|
|a Sánchez, Raúl
|q (Sánchez Aguirre),
|e contributor agent of text.
|
| 791 |
2 |
|
|a Digitalia (Firm),
|e distributor.
|
| 793 |
0 |
|
|g Digitalia eBook Collection:
|a Ediciones B
|
| 776 |
0 |
8 |
|i Print version:
|a Pérez, Carlos, 1978-
|t Mis recetas paleovida.
|b 1a edición.
|d Barcelona (España) : Ediciones B, [2016]
|z 9788466659055
|
| 856 |
4 |
0 |
|3 Digitalia Hispánica
|u https://www.digitaliapublishing.com/a/53795/
|
| 910 |
|
|
|a Premium collection: 2025
|